Modern concepts on water resources (Record no. 1335)

000 -LEADER
fixed length control field 00600nam a22002177a 4500
001 - CONTROL NUMBER
control field 1335
003 - CONTROL NUMBER IDENTIFIER
control field BD-DhUET
008 - FIXED-LENGTH DATA ELEMENTS--GENERAL INFORMATION
fixed length control field 140903b xxu||||| |||| 00| 0 eng d
020 ## - INTERNATIONAL STANDARD BOOK NUMBER
International Standard Book Number 9848090309
040 ## - CATALOGING SOURCE
Original cataloging agency 0
Transcribing agency 0
Modifying agency BD-DhUET
082 ## - DEWEY DECIMAL CLASSIFICATION NUMBER
Classification number 628.16068095492
Item number FAI/2007
100 ## - MAIN ENTRY--PERSONAL NAME
Personal name Faisal Hossain
245 ## - TITLE STATEMENT
Title Modern concepts on water resources
Statement of responsibility, etc. by Faisal Hossain,Md. Delawer Hossain
250 ## - EDITION STATEMENT
Edition statement Ist ed.
260 ## - PUBLICATION, DISTRIBUTION, ETC. (IMPRINT)
Place of publication, distribution, etc. Dhaka
Name of publisher, distributor, etc. UGC,
Date of publication, distribution, etc. 2007
300 ## - PHYSICAL DESCRIPTION
Extent xv,222p.
504 ## - BIBLIOGRAPHY, ETC. NOTE
Bibliography, etc Includes bibliographies
650 #0 - SUBJECT ADDED ENTRY--TOPICAL TERM
Topical term or geographic name as entry element Water resources management
Geographic subdivision Bangladesh
700 ## - ADDED ENTRY--PERSONAL NAME
Personal name Delawer Hossain, Md.
942 ## - ADDED ENTRY ELEMENTS (KOHA)
Koha item type General Book
Holdings
Koha date last seen Koha item type Location (home branch) Shelving location Copy number Withdrawn status Koha full call number Not for loan Sublocation or collection (holding branch) Lost status Price effective from Koha normalized classification for sorting Date acquired Damaged status Piece designation (barcode) Source of classification or shelving scheme
2014-09-03General BookCentral Library, BUETCirculation section1 628.16068095492/FAI/2007 Central Library, BUET 2014-09-03628_160680954920000_FAI_20072014-09-03 103500 
2014-09-03General BookCentral Library, BUETCirculation section2 628.16068095492/FAI/2007 Central Library, BUET 2014-09-03628_160680954920000_FAI_20072014-09-03 103501 
2014-09-03General BookCentral Library, BUETCirculation section3 628.16068095492/FAI/2007 Central Library, BUET 2014-09-03628_160680954920000_FAI_20072014-09-03 103502 
2014-09-03General BookCentral Library, BUETCirculation section4 628.16068095492/FAI/2007 Central Library, BUET 2014-09-03628_160680954920000_FAI_20072014-09-03 103503 
2014-09-03General BookCentral Library, BUETCirculation section5 628.16068095492/FAI/2007 Central Library, BUET 2014-09-03628_160680954920000_FAI_20072014-09-03 103504 
2014-09-03General BookCentral Library, BUETCirculation section6 628.16068095492/FAI/2007 Central Library, BUET 2014-09-03628_160680954920000_FAI_20072014-09-03 103505 
2014-09-03General BookCentral Library, BUETCirculation section7 628.16068095492/FAI/2007 Central Library, BUET 2014-09-03628_000000000000000_16068095492014-09-03 103506 
2014-09-03General BookCentral Library, BUETCirculation section8 628.16068095492/FAI/2007 Central Library, BUET 2014-09-03628_000000000000000_16068095492014-09-03 103507 
2014-09-03General BookCentral Library, BUETCirculation section9 628.16068095492/FAI/2007 Central Library, BUET 2014-09-03628_160680954920000_FAI_20072014-09-03 103508 
2014-09-03General BookCentral Library, BUETCirculation section10 628.16068095492/FAI/2007 Central Library, BUET 2014-09-03628_000000000000000_16068095492014-09-03 103509 
2016-07-26General BookCentral Library, BUETCirculation section11 628.16068095492/FAI/2007 Central Library, BUET 2016-07-26628_160680954920000_FAI_20072016-07-26 114242 
2016-07-26General BookCentral Library, BUETCirculation section12 628.16068095492/FAI/2007 Central Library, BUET 2016-07-26628_160680954920000_FAI_20072016-07-26 114243